Diccionario del latín jurídico

Salvato in:
Dettagli Bibliografici
Autore principale: Nicoliello, Nelson (autor)
Natura: Libro
Lingua:spagnolo
Pubblicazione: Montevideo B de F 2004
Soggetti:
Tags: Aggiungi Tag
Nessun Tag, puoi essere il primo ad aggiungerne!!

MARC

LEADER 00000nam a2200000 a 4500
001 UCI7788
003 CL-VaPUC
008 080725e20040000UY |||||||||||||||||spa|d
020 |a 9974578329 
082 0 4 |a 340.03  |b NIC  |2 21 
100 |a Nicoliello, Nelson  |e autor  |9 531075 
245 1 0 |a Diccionario del latín jurídico 
300 |a 314 p 
942 |c BK 
945 |d 20080725 00:00:00  |a rbrito 
260 |a Montevideo  |b B de F  |c 2004 
650 7 |a DERECHO DICCIONARIOS LATIN ESPAÑOL  |2 CL-VaPUC  |9 531076 
583 |a last modification  |c 20080725 00:00:00  |k Rodrigo Vera 
999 |c 330935  |d 330933 
952 |0 0  |1 0  |4 0  |6 340_030000000000000_NIC_2004  |7 0  |8 F  |9 416886  |a BIBDER  |b BIBDER  |d 2019-11-22  |i 4464508  |l 3  |o 340.03 NIC 2004  |p 4464508  |r 2024-10-01  |s 2024-10-01  |w 2019-11-22  |y BK_F  |k DER